000 00296nam a22001337a 4500
008 170930b xxu||||| |||| 00| 0 eng d
020 _a9781256777137
041 _aeng
080 _a37
100 _a47
101 _aEDU
245 _aCOMPOSE, DESIGN, ADVOCATE
_cWYSOCKI, A.F
942 _2udc
_cBK
999 _c30940
_d30940